| 000 | 00478nmm a2200157Ia 4500 | ||
|---|---|---|---|
| 008 | 251105s9999||||xx |||||||||||||||||und|| | ||
| 020 | _a9789560101884 | ||
| 041 | _aspa | ||
| 100 | _aVV. AA. | ||
| 245 | 0 | _aPropuestas participativas para una nueva profesión docente: el Plan Maestro | |
| 264 |
_a[Santiago de Chile, Chile] : _bRil editores, _c2015 |
||
| 300 | _a94 páginas | ||
| 650 | _aEducation | ||
| 856 | _uhttps://public.digitaliapublishing.com/a/39364 | ||
| 942 | _cCF | ||
| 999 |
_c93694 _d93694 |
||